| 000 | 01059nam a22002537a 4500 | ||
|---|---|---|---|
| 999 |
_c5665 _d5665 |
||
| 003 | AR-CdUCM | ||
| 008 | 190313b ||||| |||| 00| 0 spa d | ||
| 040 |
_aMUNICIPALIDAD PROVINCIAL DEL CUSCO _cBIBLIOTECA MUNICIPAL DEL CUSCO |
||
| 082 |
_a986.2 / _bV433 |
||
| 100 |
_aVelasco, Juan de _916900 |
||
| 245 |
_aLa Historia Moderna : _bHistoria del reino de Quito / |
||
| 260 |
_aQuito : _bAriel, |
||
| 300 |
_a4 t. ; _c18 cm. |
||
| 440 |
_aClásicos Ariel _n11,15 _916901 |
||
| 500 | _aDonación de la familia Nieto | ||
| 505 | _aContenido: t.1 Gobierno antiguo de Popayan y sus divisiones -- Gobierno del Quito Propio y su I corregimiento de Ibarra. t.2: V Corregimiento de Riobamba -- Algunos sucesos de notables, relativos a la villa de Riobamba -- Tenencias de Ambato y Mocha ... | ||
| 650 |
_aLa Historia Moderna _916902 |
||
| 650 |
_aInicios de Ecuador _916903 |
||
| 650 |
_aCorregimientos de Ecuador _916904 |
||
| 650 |
_aHistoria del Reino de Quito _916905 |
||
| 700 |
_aGonzales Suarez, Federico _916906 |
||
| 942 |
_2ddc _cLIBROS |
||
| 945 | _acmm | ||